Państwa przez które została zaatakowana Polska - Statystyki

Ogólne statystyki
  • Ten quiz został rozwiązany 274 razy
  • Średni wynik to 5 z 16
Statystyki odpowiedzi
Rok Państwo R % Poprawnych
1919 Zsrr R
83%
1939 Zsrr R
83%
1345 Czechy R
46%
1939 Słowacja R
45%
1939 3 Rzesza R
41%
1919 Litwa R
41%
1672 Imperium Osmańskie R
34%
1772 Imperium Rosyjskie R
27%
1409 Zakon Krzyżacki R
26%
1241 Imperium mongolskie R
23%
1919 Czechosłowacja R
22%
1600 Imperium Szwedzkie R
9%
1772 Królestwo Pruskie R
5%
1666 Chanat Krymski R
4%
1534 Wielkie Księstwo Moskiewskie R
2%
1772 Carstwo Austriackie R
1%
Nie znaleziono quizów pasujących do podanych kryteriów
Rozkład punktacji
Procent ludzi z każdym wynikiem
Percentyl według liczby udzielonych odpowiedzi
Twoja historia wyników
Nie rozwiązałeś tego quizu